000 00198 a2200097 4500
001 32606
100 _aParkison, R
245 _aThe AUK
260 _aLondon
_bGranada Pub
_c
090 _c21820
_d21820
942 _aNUST-CAE
_cM
_c13137
999 _c267679
_d267679